| 000 | 00521nam a2200193 4500 | ||
|---|---|---|---|
| 003 | SEACOMEC | ||
| 005 | 20240116155928.0 | ||
| 008 | 240116b |||||||| |||| 00| 0 eng d | ||
| 020 | _c$17.95 | ||
| 040 | _aSEACOMEC | ||
| 082 |
_a621.8 _bS555 |
||
| 100 | _aSinghley,Joseph Edward | ||
| 245 | 1 |
_aTheory of Machines and mechanisms _cJoseph Edward Singhley |
|
| 250 | _a2nd ed. | ||
| 260 |
_aSingapore _bTata McGraw Hikk _c2003 |
||
| 650 | _aTechnology ,Machine engineering | ||
| 700 | _aUicker,John Joseph | ||
| 942 | _cBOOK | ||
| 999 |
_c497 _d497 |
||